[Event "4th Rohde Open"]
[Site "Sautron FRA"]
[Date "2004.10.23"]
[Round "1"]
[White "Fedorchuk,S"]
[Black "Delorme,Ax"]
[Result "1-0"]
[WhiteElo "2557"]
[BlackElo "2185"]

1.e4 e5 2.Nf3 a6 3.Bb5 Nc6 4.Ba4 Nf6 5.O-O Be7 6.Re1 b5 7.Bb3 d6 8.c3 O-O
9.h3 Bb7 10.d4 Re8 11.Nbd2 Bf8 12.d5 Nb8 13.Nf1 Nbd7 14.Ng3 Nc5 15.Bc2 c6
16.b4 Ncd7 17.dxc6 Bxc6 18.Bb1 Nc5 19.Bc2 Na4 20.Bb3 Nb6 21.Nh2 h6 22.Bg5 Ra7
23.Bxf6 Qxf6 24.Ng4 Qd8 25.Qf3 d5 26.Rad1 Rd7 27.Nh5 Re6 28.exd5 Bxd5 29.Rxd5 Rxd5
30.Nxe5 f6 31.Nf4 Red6 32.Nxd5 Nxd5 33.Nc6 Qd7 34.Rd1  1-0

[Event "36th Olympiad"]
[Site "Calvia ESP"]
[Date "2004.10.26"]
[Round "11"]
[White "Haznedaroglu,K"]
[Black "Dervishi,E"]
[Result "1-0"]
[WhiteElo "2394"]
[BlackElo "2502"]

1.e4 e5 2.Nf3 Nc6 3.Bb5 a6 4.Ba4 Nf6 5.O-O Be7 6.Re1 b5 7.Bb3 d6 8.c3 O-O
9.h3 Bb7 10.d4 Re8 11.Nbd2 Bf8 12.a4 h6 13.d5 Nb8 14.c4 c6 15.axb5 axb5 16.Rxa8 Bxa8
17.cxb5 cxd5 18.exd5 Nxd5 19.Ne4 Nf6 20.Nxf6+ Qxf6 21.Nh2 Nd7 22.Ng4 Qh4
23.Bd5 Bxd5 24.Qxd5 h5 25.Ne3 Nf6 26.Qc6 Rb8 27.Nc4 d5 28.Qc7 Re8 29.Nxe5 Re7
30.Qa5 Qd4 31.Nf3 Rxe1+ 32.Qxe1 Qb6 33.Qe2 Bc5 34.Bd2 Ne4 35.Be1 Qe6 36.Kf1 Qf6
37.Qc2 Qf5 38.Qb3 Bb6 39.h4 Qd7 40.Qa4 Qc8 41.Qa6 Qxa6 42.bxa6 Nc5 43.Ba5 Ba7
44.b4 Nxa6 45.Ne5 Bb8 46.b5 Nc5 47.Nc6 Nb7 48.Bb4 Bd6 49.Bxd6 Nxd6 50.b6 Nb7
51.Ke2 f6 52.Ne7+ Kf7 53.Nxd5 g5 54.Kd3 Ke6 55.Kd4 gxh4 56.Nf4+ Kf5 57.Nxh5 Kg5
58.Ng7 Kg4 59.Ne6 f5 60.Ke5 Na5 61.Kd5 f4 62.Nd4 Nb7 63.Kc6 Na5+ 64.Kc7 h3
65.gxh3+ Kxh3 66.f3 Kg3 67.b7  1-0

[Event "World Seniors"]
[Site "Halle GER"]
[Date "2004.10.29"]
[Round "6"]
[White "Klundt,K"]
[Black "Klovans,J"]
[Result "0-1"]
[WhiteElo "2358"]
[BlackElo "2455"]

1.e4 e5 2.Nf3 Nc6 3.Bb5 a6 4.Ba4 Nf6 5.O-O Be7 6.Re1 b5 7.Bb3 d6 8.c3 O-O
9.h3 Bb7 10.d4 Re8 11.Ng5 Rf8 12.Nf3 Na5 13.Bc2 Nc4 14.b3 Nb6 15.Nbd2 Re8
16.Nf1 Bf8 17.Ng3 Nbd7 18.Bb2 g6 19.a4 c6 20.Qd3 Qc7 21.b4 Nb6 22.Bb3 Nxa4
23.Bxa4 bxa4 24.c4 Bg7 25.Rxa4 exd4 26.Bxd4 c5 27.bxc5 dxc5 28.Bc3 Qc6 29.Ra5 Nxe4
30.Rxe4 Rxe4 31.Nxe4 Qxe4 32.Qxe4 Bxe4 33.Bxg7 Kxg7 34.Ne5 Bf5 35.g4 Be6
36.Kh2 f6 37.Nd3 Bxc4 38.Nxc5 Kf7 39.Ra4 Bb5 40.Rf4 a5 41.g5 f5 42.Rh4 Kg8
43.Rd4 a4 44.Rb4 Be8  0-1

[Event "Open"]
[Site "Calcutta IND"]
[Date "2004.11.12"]
[Round "6"]
[White "Shetty,R"]
[Black "Sangma,R"]
[Result "1-0"]
[WhiteElo "2369"]
[BlackElo "2206"]

1.e4 e5 2.Nf3 Nc6 3.Bb5 a6 4.Ba4 Nf6 5.O-O Be7 6.Re1 b5 7.Bb3 d6 8.c3 O-O
9.h3 Bb7 10.d3 Na5 11.Bc2 c5 12.Nbd2 Re8 13.Nf1 Bf8 14.Bg5 h6 15.Bh4 c4 16.Bxf6 Qxf6
17.Ne3 Qe6 18.b4 cxb3 19.axb3 Nc6 20.b4 Ne7 21.Bb3 Qd7 22.Qd2 Qc7 23.Ra3 Nc8
24.Nd5 Qd8 25.Qe3 g6 26.Nh2 Kg7 27.Ng4 Qg5 28.Nc7 Ne7 29.Nxa8 Qxe3 30.Nxe3 Rxa8
31.Nd5 f5 32.Nxe7 Bxe7 33.Bd5 Bxd5 34.exd5 Kf7 35.Kf1 Ke8 36.Ke2 Bg5 37.Rea1 Rc8
38.Rxa6 Rxc3 39.Rc6 Rb3 40.Ra8+ Kd7 41.Ra7+ Kd8 42.Rxd6+ Kc8 43.Rxg6 Rb2+
44.Kf3 e4+ 45.dxe4  1-0

[Event "Acropolis IM Open"]
[Site "Athens GRE"]
[Date "2004.11.24"]
[Round "9"]
[White "Markopoulos,T"]
[Black "Kokkalis,V"]
[Result "0-1"]
[WhiteElo "2094"]
[BlackElo "2116"]

1.e4 e5 2.Nf3 Nc6 3.Bb5 a6 4.Ba4 Nf6 5.O-O Be7 6.Re1 b5 7.Bb3 d6 8.c3 O-O
9.h3 Bb7 10.d3 Na5 11.Bc2 c5 12.Nbd2 Re8 13.Nf1 Bf8 14.Ng3 g6 15.Nh2 Bg7
16.f4 exf4 17.Bxf4 Nc6 18.Nf3 Qc7 19.Qd2 a5 20.Qf2 a4 21.Qxc5 dxc5 22.Bxc7 a3
23.b3 Nd7 24.Ne2 b4 25.d4 bxc3 26.b4 Nxb4 27.Bb3 cxd4 28.Nexd4 Bxe4 29.Bd6 Nd3
30.Rf1 N7c5 31.Bc4 Rad8 32.Nb5 c2 33.Ne5 Nxe5 34.Bxe5 Bxe5 35.Bxf7+ Kg7 36.Nxa3 Bxa1
37.Bxe8 Bd4+  0-1

[Event "Petrosian Mem Open"]
[Site "Yerevan ARM"]
[Date "2004.11.25"]
[Round "7"]
[White "Smirnov,P"]
[Black "Sulskis,S"]
[Result "1-0"]
[WhiteElo "2626"]
[BlackElo "2555"]

1.e4 e5 2.Nf3 Nc6 3.Bb5 a6 4.Ba4 Nf6 5.O-O Be7 6.Re1 b5 7.Bb3 d6 8.c3 O-O
9.h3 Bb7 10.d4 Re8 11.Nbd2 Bf8 12.a3 h6 13.Bc2 g6 14.b4 exd4 15.cxd4 Bg7
16.Rb1 a5 17.bxa5 Nd7 18.a4 b4 19.d5 Nxa5 20.Rxb4 c5 21.dxc6 Bxc6 22.Nd4 Nc5
23.Ba3 Bb7 24.Nb5 Bc6 25.Nf3 Nc4 26.Bc1 Bxb5 27.Rxb5 Rb8 28.Qd5 Ne5 29.Nd4 Rc8
30.Be3 Qd7 31.Rb6 Ncd3 32.Bxd3 Nxd3 33.Rb7 Qxb7 34.Qxb7 Rb8 35.Qd5 Nxe1 36.Nb5 Nc2
37.Ba7 Rbd8 38.Bb6 Rb8 39.Bc7 Ra8 40.Qc4 Nd4 41.Nxd4 Rxe4 42.Qc6 Re1+ 43.Kh2 Rc8
44.Nb5 h5 45.Nxd6  1-0

[Event "IX It"]
[Site "Elgoibar ESP"]
[Date "2004.12.17"]
[Round "7"]
[White "Cheparinov,I"]
[Black "Perez Candelario,Man"]
[Result "1-0"]
[WhiteElo "2576"]
[BlackElo "2474"]

1.e4 e5 2.Nf3 Nc6 3.Bb5 a6 4.Ba4 Nf6 5.O-O Be7 6.Re1 b5 7.Bb3 d6 8.c3 O-O
9.h3 Bb7 10.d3 Na5 11.Bc2 c5 12.Nbd2 Re8 13.Nf1 h6 14.Ng3 Bf8 15.d4 Nc6 16.d5 Ne7
17.a4 Nd7 18.b3 Nb6 19.a5 Nd7 20.c4 b4 21.Be3 Bc8 22.Qd2 Kh7 23.Nf5 Nxf5
24.exf5 e4 25.Nh2 Nf6 26.g4 Ra7 27.Nf1 g6 28.Ng3 gxf5 29.gxf5 Bg7 30.Bf4 Rae7
31.Rad1 Rg8 32.Kh2 Ree8 33.Re3 Kh8 34.Re2 Nh7 35.Nxe4 Rxe4 36.Bxe4 Bc3 37.Qe3 Ng5
38.Rg1 Qf6 39.Bxg5 hxg5 40.Qf3 Be5+ 41.Kh1 Rg7 42.Rg4 Rh7 43.Re1 Rh5 44.Bc2 Bd7
45.Reg1 Qh6 46.Kg2 f6 47.h4 gxh4 48.Kh1 Bg3 49.Rg6 Qh7 50.Rxf6 Kg7 51.Rxd6  1-0

[Event "Asian Juniors"]
[Site "Bikaner IND"]
[Date "2004.12.23"]
[Round "3"]
[White "Filippov,An"]
[Black "Soumitra,M"]
[Result "1-0"]
[WhiteElo "2475"]
[BlackElo "2148"]

1.e4 e5 2.Nf3 Nc6 3.Bb5 a6 4.Ba4 Nf6 5.O-O Be7 6.Re1 b5 7.Bb3 d6 8.c3 O-O
9.h3 Bb7 10.d3 Re8 11.Nbd2 Bf8 12.Nf1 Na5 13.Bc2 c5 14.Bg5 g6 15.Ne3 h6 16.Bh4 Bg7
17.Qd2 h5 18.b4 cxb4 19.cxb4 Nc6 20.Nd5 Nb8 21.Bb3 Nbd7 22.Rec1 Bxd5 23.Bxd5 Rc8
24.Bb3 Qb6 25.Rxc8 Rxc8 26.Rc1 Rxc1+ 27.Qxc1 Qb7 28.Ng5 d5 29.f3 Nb6 30.Bf2 Nfd7
31.h4 Bf8 32.a3 Be7 33.Kh2 Kg7 34.Qd2 Bxg5 35.Qxg5 dxe4 36.Qe7 Nd5 37.Qd6 N5f6
38.dxe4 Qc8 39.Bc5 a5 40.Qe7 Qe8 41.bxa5 Nxc5 42.Qxc5 Qd8 43.Qxe5 Qxa5 44.Qe7 Qc3
45.Qxf7+ Kh6 46.Qf8+ Kh7 47.Qe7+ Kh6 48.e5 Ng8  1-0

[Event "Open"]
[Site "Pamplona ESP"]
[Date "2004.12.25"]
[Round "5"]
[White "Cheparinov,I"]
[Black "Garbisu de Goni,U"]
[Result "1-0"]
[WhiteElo "2576"]
[BlackElo "2460"]

1.e4 e5 2.Nf3 Nc6 3.Bb5 a6 4.Ba4 Nf6 5.O-O Be7 6.Re1 b5 7.Bb3 d6 8.c3 O-O
9.h3 Bb7 10.d4 Re8 11.Nbd2 Bf8 12.a3 h6 13.Bc2 Nb8 14.b4 Nbd7 15.Bb2 Rb8
16.Qb1 Nh5 17.c4 Nf4 18.Re3 exd4 19.Nxd4 Ne5 20.cxb5 axb5 21.Qf1 Bc8 22.Rd1 c6
23.Nf5 Be6 24.g3 Nc4 25.Nxc4 Bxc4 26.Qe1 Nxh3+ 27.Kg2 Ng5 28.f4 Ne6 29.Qc3 f6
30.Ree1 Qc7 31.Qf3 Qf7 32.Qg4 Kh8 33.Nh4 Nc7 34.Rh1 Bb3 35.Ng6+ Kh7 36.Nxf8+ Rxf8
37.Qf5+ Kg8 38.Rxh6 Rfe8 39.Rdh1 gxh6 40.Bxb3 Qxb3 41.Qg6+ Kf8 42.Qxf6+ Qf7
43.Qxd6+ Qe7 44.Qxh6+ Kf7 45.Qh7+  1-0

[Event "Czech Christmas"]
[Site "Litomysl CZE"]
[Date "2004.12.30"]
[Round "6"]
[White "Zawadzka,J"]
[Black "Amberger,D"]
[Result "1-0"]
[WhiteElo "2329"]
[BlackElo "2100"]

1.e4 e5 2.Nf3 Nc6 3.Bb5 a6 4.Ba4 Nf6 5.O-O Be7 6.Re1 b5 7.Bb3 d6 8.c3 O-O
9.h3 Bb7 10.d4 Re8 11.a4 Bf8 12.Nbd2 h6 13.Bc2 exd4 14.cxd4 Nb4 15.Bb1 c5
16.d5 Nd7 17.Ra3 f5 18.Nh2 Nf6 19.Rf3 fxe4 20.Nxe4 Nfxd5 21.Ng4 c4 22.Nxh6+ gxh6
23.Rg3+ Kh8 24.Qg4 Nf6 25.Nxf6 Rxe1+ 26.Kh2  1-0

[Event "1st GM"]
[Site "Mataro ESP"]
[Date "2004.12.30"]
[Round "5"]
[White "Lopez Martinez,J"]
[Black "Barrientos,S"]
[Result "1-0"]
[WhiteElo "2481"]
[BlackElo "2435"]

1.e4 e5 2.Nf3 Nc6 3.Bb5 a6 4.Ba4 Nf6 5.O-O Be7 6.Re1 b5 7.Bb3 d6 8.c3 O-O
9.h3 Bb7 10.d4 Re8 11.Nbd2 Bf8 12.a3 h6 13.Ba2 Qd7 14.d5 Ne7 15.Nh2 c6 16.dxc6 Bxc6
17.Ng4 Nxg4 18.hxg4 Rad8 19.Qf3 d5 20.Nf1 Ng6 21.exd5 Bxd5 22.Bxd5 Qxd5 23.Qxd5 Rxd5
24.Ng3 a5 25.Ne4 Red8 26.Be3 a4 27.g3 Ne7 28.Rac1 Rc8 29.Red1 Rc4 30.f3 f6
31.Kf2 Rc6 32.Rxd5 Nxd5 33.Rd1 Nxe3 34.Kxe3 g6 35.Rd5 f5 36.Nf2 Rc5 37.Rd7 Rc6
38.Nd3 Re6 39.Rd5 fxg4 40.fxg4 Rb6 41.Rd7 Bg7 42.Ke4 Rf6 43.Rb7 h5 44.Rxb5 hxg4
45.Nxe5 Re6 46.Kf4 Kh7 47.Nxg4 Re1 48.Rb7 Re2 49.Kf3 Re1 50.Nf2 Kh6 51.Nd3 Rf1+
52.Ke2 Rg1 53.Kf2 Rd1 54.Nf4 Be5 55.Rb6 Kg5 56.Rxg6+ Kf5 57.Rb6 Bxf4 58.gxf4 Kxf4
59.Rb4+ Ke5 60.Ke2  1-0

[Event "Open A"]
[Site "Krakow POL"]
[Date "2005.01.02"]
[Round "6"]
[White "Paaske,A"]
[Black "Colin,V"]
[Result "1-0"]
[WhiteElo "2132"]
[BlackElo "2396"]

1.e4 e5 2.Nf3 Nc6 3.Bb5 a6 4.Ba4 Nf6 5.O-O b5 6.Bb3 Be7 7.Re1 d6 8.c3 O-O
9.h3 Bb7 10.d4 Re8 11.Ng5 Rf8 12.Nf3 h6 13.Nbd2 Qd7 14.Nf1 Rae8 15.Ng3 Bd8
16.d5 Na5 17.Bc2 c6 18.dxc6 Bxc6 19.b3 Re6 20.Nf5 Nh7 21.Ba3 Nb7 22.Qe2 Bb6
23.Rad1 Rd8 24.Rd2 Qe8 25.Red1 Qf8 26.b4 g6 27.Ng3 Rf6 28.h4 Bd7 29.Bb3 Bg4
30.c4 Qe8 31.cxb5 axb5 32.Rd5 Bd7 33.Qd2 Rf4 34.Bc1 Nf6 35.Qe2 Ng4 36.Rf1 Rf6
37.Rd3 Rc8 38.Bd2 Nd8 39.h5 Kg7 40.Be3 Nxe3 41.fxe3 Qe7 42.Rfd1 Ne6 43.Kh2 Ng5
44.Nh4 Nxe4 45.Nxe4 Rf4 46.exf4 Qxh4+ 47.Rh3 Bxh3 48.gxh3 exf4 49.Qb2+ Kg8
50.Rxd6 f3 51.Rxg6+ Kf8 52.Qg7+  1-0

[Event "Zimski Winter Open"]
[Site "Belgrade SCG"]
[Date "2005.01.22"]
[Round "1"]
[White "Djurdjevic,P"]
[Black "Stankovic,Br"]
[Result "0-1"]
[WhiteElo "2056"]
[BlackElo "2274"]

1.e4 e5 2.Nf3 Nc6 3.Bb5 a6 4.Ba4 Nf6 5.O-O Be7 6.Re1 b5 7.Bb3 d6 8.h3 O-O
9.c3 Bb7 10.d4 Re8 11.Nbd2 Bf8 12.Bc2 g6 13.Nf1 Bg7 14.Ng3 Qd7 15.a4 Rad8
16.axb5 axb5 17.d5 Ne7 18.Ra7 c6 19.dxc6 Nxc6 20.Ra1 d5 21.Qe2 dxe4 22.Nxe4 Nxe4
23.Bxe4 b4 24.Bg5 f6 25.Be3 bxc3 26.bxc3 Ne7 27.Ra7 Bxe4 28.Rxd7 Rxd7 29.Qa2+ Bd5
30.c4 Ra8 31.Qd2 Be6 32.Qb4 Rc8 33.Rc1 Bf8 34.Qb5 Rdc7 35.Nd2 Nd5 36.Qa6 Rc6
37.Qa4 f5 38.g3 f4 39.gxf4 Nxe3 40.fxe3 Bc5 41.Rc3 exf4 42.Kg2 fxe3 43.Nf3 Rd6
44.Rc1 Bd7 45.Qa1 Bc6 46.Kg3 Rf8 47.Ng1 Bd4 48.Qa5 Rf5 49.Qa3 Be5+  0-1

[Event "TCh-BEL 2004-5"]
[Site "Belgium BEL"]
[Date "2005.01.30"]
[Round "8"]
[White "De Wit,M"]
[Black "Michiels,R"]
[Result "1/2-1/2"]
[WhiteElo "2288"]
[BlackElo "2267"]

1.e4 e5 2.Nf3 Nc6 3.Bb5 a6 4.Ba4 Nf6 5.O-O b5 6.Bb3 Be7 7.Re1 d6 8.c3 O-O
9.h3 Bb7 10.d4 Nb8 11.Nbd2 Nbd7 12.g4 d5 13.exd5 exd4 14.Nxd4 Nxd5 15.Nf5 Re8
16.Nf3 N7b6 17.Nxe7+ Rxe7 18.Bg5 Rxe1+ 19.Qxe1 Qe8 20.Nd4 c5 21.Nf5 f6 22.Nd6 Qxe1+
23.Rxe1 Bc6  1/2-1/2

[Event "Oceania zt"]
[Site "Auckland NZL"]
[Date "2005.01.31"]
[Round "2"]
[White "Solomon,SJ"]
[Black "Green,Pet"]
[Result "1-0"]
[WhiteElo "2426"]
[BlackElo "2258"]

1.e4 Nc6 2.Bb5 e5 3.Nf3 a6 4.Ba4 Nf6 5.O-O Be7 6.Re1 b5 7.Bb3 d6 8.c3 O-O
9.h3 Bb7 10.d4 Re8 11.Nbd2 Bf8 12.a4 h6 13.Bc2 exd4 14.cxd4 Nb4 15.Bb1 c5
16.d5 Nd7 17.Ra3 f5 18.Nh2 Nf6 19.Rg3 c4 20.b3 Nd3 21.Bxd3 cxd3 22.exf5 Rxe1+
23.Qxe1 Bxd5 24.Rxd3 Qd7 25.Ng4 Nxg4 26.hxg4 Re8 27.Qd1 Bb7 28.Nf3 Be4 29.Rd4 d5
30.Bb2 Bc5 31.Nh4 Bxd4 32.Qxd4 Bc2 33.f6 Re4 34.Qd2 Rxg4 35.Qxc2 Rxh4 36.Qg6 Qf7
37.Qg3 g5 38.Qb8+ Kh7 39.axb5 Rb4 40.b6 Rxb3 41.Qc7 Kg8 42.Qc8+ Kh7 43.Qc2+  1-0

[Event "Aeroflot Open"]
[Site "Moscow RUS"]
[Date "2005.02.15"]
[Round "1"]
[White "Bologan,V"]
[Black "Ivanov,AV USA"]
[Result "1-0"]
[WhiteElo "2683"]
[BlackElo "2590"]

1.e4 e5 2.Nf3 Nc6 3.Bb5 a6 4.Ba4 Nf6 5.O-O Be7 6.Re1 b5 7.Bb3 d6 8.c3 O-O
9.h3 Bb7 10.d4 Re8 11.Nbd2 Bf8 12.a3 h6 13.Bc2 Nb8 14.b4 Nbd7 15.Bb2 a5 16.Bd3 axb4
17.cxb4 c6 18.Rc1 Qb6 19.Rc2 exd4 20.Nxd4 g6 21.N2b3 c5 22.Nxb5 Bxe4 23.Bxe4 Rxe4
24.Rxe4 Nxe4 25.Qd3 Nef6 26.bxc5 dxc5 27.Nd2 Re8 28.Nf3 Qa6 29.Qb3 Rb8 30.a4 Ne8
31.Ne5 Nxe5 32.Bxe5 Rc8 33.Qc4 Bg7 34.Bf4 Nf6 35.Re2 Re8 36.Nd6 Qxc4 37.Rxe8+ Nxe8  1-0

[Event "6th Karpov"]
[Site "Poikovsky RUS"]
[Date "2005.03.03"]
[Round "5"]
[White "Svidler,P"]
[Black "Bacrot,E"]
[Result "1/2-1/2"]
[WhiteElo "2735"]
[BlackElo "2715"]

1.e4 e5 2.Nf3 Nc6 3.Bb5 a6 4.Ba4 Nf6 5.O-O Be7 6.Re1 b5 7.Bb3 d6 8.c3 O-O
9.h3 Bb7 10.d4 Re8 11.Nbd2 Bf8 12.a3 h6 13.Bc2 Nb8 14.b4 Nbd7 15.Bb2 g6 16.c4 exd4
17.cxb5 axb5 18.Nxd4 c6 19.a4 d5 20.N4f3 bxa4 21.e5 a3 22.Rxa3 Rxa3 23.Bxa3 Nh5
24.e6 Rxe6 25.Rxe6 fxe6 26.Bxg6 Nf4 27.Bb1 Qf6 28.Kh2 Bg7 29.Qa4 Nf8 30.Qa7 Qf7
31.Qb8 Ne2 32.b5 Qf4+ 33.Qxf4 Nxf4 34.Bd6 Ne2 35.bxc6  1/2-1/2

[Event "TCh-ISL 2004-5"]
[Site "Reykjavik ISL"]
[Date "2005.03.04"]
[Round "5"]
[White "Stefansson,H"]
[Black "Hjartarson,J"]
[Result "1-0"]
[WhiteElo "2561"]
[BlackElo "2628"]

1.e4 e5 2.Nf3 Nc6 3.Bb5 a6 4.Ba4 Nf6 5.O-O Be7 6.Re1 b5 7.Bb3 O-O 8.c3 d6
9.h3 Bb7 10.d4 Re8 11.Nbd2 Bf8 12.a4 h6 13.Bc2 exd4 14.cxd4 Nb4 15.Bb1 c5
16.d5 Nd7 17.Ra3 f5 18.Nh2 Nf6 19.Rg3 Kh8 20.b3 Qd7 21.Bb2 Qf7 22.Rf3 fxe4
23.Nxe4 Nbxd5 24.Ng4 Qe6 25.Qd2 Nxg4 26.hxg4 c4 27.Rxf8+ Rxf8 28.Ng3 Ne3
29.Rxe3 Qd5 30.Qxd5 Bxd5 31.Nf5 Rfe8 32.Bxg7+ Kg8 33.Bxh6 Rxe3 34.Bxe3 Be6
35.Be4 d5 36.Bc2 d4 37.Nxd4 cxb3 38.Nxb3 bxa4 39.Nc5 Bxg4 40.Bxa4 Be2 41.Bb3+ Kh7
42.f4 a5 43.Ba4 Rb8 44.Kf2 Bg4 45.Bd2 Rb2 46.Ke3 Ra2 47.Bb3 Ra3 48.Kd4 Ra1
49.Bc2+ Kh6 50.Bc3 Rf1 51.g3 Rg1 52.Bxa5 Rxg3 53.Bd8 Rg1 54.Bg5+ Kh5 55.Bd3 Bc8
56.Ne4 Bf5 57.Bd8 Kg6 58.Ba5 Ra1 59.Bb4 Ra4 60.Kc3 Ra1 61.Nd6 Bxd3 62.Kxd3 Kh5
63.f5 Ra4 64.Bd2 Ra6 65.Ne8 Ra4 66.Ng7+ Kg4 67.f6 Ra6 68.Bc3 Ra7 69.Bd4 Rf7
70.Ke4 Kg5 71.Ne6+ Kg6 72.Nf4+ Kh7 73.Kf5 Kg8 74.Ne6 Rb7 75.Kg6 Rh7 76.Bc5 Rf7
77.Bf8 Rh7 78.Bg7  1-0

[Event "Sozina Open"]
[Site "Bar SCG"]
[Date "2005.03.09"]
[Round "6"]
[White "Brenjo,S"]
[Black "Blagojevic,D"]
[Result "1/2-1/2"]
[WhiteElo "2463"]
[BlackElo "2537"]

1.e4 e5 2.Nf3 Nc6 3.Bb5 a6 4.Ba4 Nf6 5.O-O Be7 6.Re1 b5 7.Bb3 d6 8.c3 O-O
9.h3 Bb7 10.d4 Re8 11.a4 h6 12.Nbd2 Bf8 13.Bc2 Qd7 14.d5 Ne7 15.c4 c6 16.b3 g6
17.Bb2 Nh5 18.Bd3 Bg7 19.dxc6 Bxc6 20.cxb5 axb5 21.axb5 Rxa1 22.Bxa1 Bxb5
23.Bxb5 Qxb5 24.Nc4 Nc8 25.Bb2 Bf8 26.Nh2 Re6 27.Bc1 Nf6 28.Ng4 Nxg4 29.hxg4 Re7
30.Be3 Rb7 31.Qc1 Qd7 32.Bxh6 Bxh6 33.Qxh6 Qxg4 34.Qe3 Kg7 35.Qd3 Qe6 36.Re3 Ra7
37.Rh3 Ra1+ 38.Kh2 Qf6 39.Qd2 Kf8 40.Qh6+ Ke7 41.Rf3 Qe6 42.Qg5+ Ke8 43.Rh3 Kd7
44.Rh8 Qe7 45.Qg4+ Qe6 46.Qg5 Qe7  1/2-1/2

[Event "Weekender"]
[Site "Cork IRL"]
[Date "2005.04.02"]
[Round "2"]
[White "Kotronias,V"]
[Black "Fox,An"]
[Result "1-0"]
[WhiteElo "2578"]
[BlackElo "2123"]

1.e4 e5 2.Nf3 Nc6 3.Bb5 a6 4.Ba4 Nf6 5.O-O Be7 6.Re1 b5 7.Bb3 d6 8.c3 O-O
9.h3 Bb7 10.d4 Re8 11.Nbd2 Bf8 12.a4 h6 13.Bc2 exd4 14.cxd4 Nb4 15.Bb1 c5
16.d5 Nd7 17.Ra3 c4 18.axb5 axb5 19.Nd4 Qb6 20.Nf5 Ne5 21.Rg3 Kh7 22.Nf3 Nbd3
23.Be3 Qc7 24.Bxd3 Nxd3 25.Bxh6 g6 26.Bxf8 Rxf8 27.Qd2  1-0

[Event "Capablanca Mem Premier 1"]
[Site "Havana CUB"]
[Date "2005.05.12"]
[Round "7"]
[White "Garcia Martinez,S"]
[Black "Gonzalez,Y"]
[Result "0-1"]
[WhiteElo "2351"]
[BlackElo "2482"]

1.e4 e5 2.Nf3 Nc6 3.Bb5 a6 4.Ba4 Nf6 5.O-O Be7 6.Re1 b5 7.Bb3 d6 8.c3 O-O
9.h3 Bb7 10.d4 Re8 11.Ng5 Rf8 12.Nf3 h6 13.Nbd2 Re8 14.Nf1 Bf8 15.Ng3 Na5
16.Bc2 Nc4 17.b3 Nb6 18.a4 bxa4 19.bxa4 a5 20.Bd3 Ba6 21.Bxa6 Rxa6 22.Qd3 Ra8
23.d5 Qd7 24.c4 Nxa4 25.Be3 Nb6 26.Rec1 c5 27.Rcb1 Ra6 28.Rb5 Rea8 29.Nd2 Qd8
30.Ne2 Nfd7 31.Nc3 Be7 32.Nf3 Nc8 33.Na4 Qe8 34.Nd2 Bd8 35.Nb1 R6a7 36.Qb3 Bc7
37.Nbc3 Nb8 38.Rb7 Na6 39.Rxa7 Nxa7 40.Qb7 Qc8 41.Qxc8+ Nxc8 42.Nb5 Bd8 43.Kf1 Kf8
44.Ke2 Ke8 45.g3 Kd7 46.f4 f6 47.Rf1 Ke7 48.g4 Nb6 49.Nxb6 Bxb6 50.g5 hxg5
51.fxg5 Rh8 52.gxf6+ gxf6 53.Rf3 Bc7 54.Bd2 Rh4 55.Nxc7 Nxc7 56.Ke3 a4 57.Be1 Rh8
58.Ke2 Ra8 59.Ra3 Ne8 60.Kf3 Kf7 61.Kg4 Kg6 62.h4 Ng7 63.Bd2 Nh5 64.Be3 Ra6
65.Bc1 Ra7 66.Bd2 Rb7 67.Rxa4 Rb3  0-1

[Event "ch-EST"]
[Site "Tallinn EST"]
[Date "2005.05.13"]
[Round "6"]
[White "Kulaots,K"]
[Black "Zjukin,S"]
[Result "1-0"]
[WhiteElo "2572"]
[BlackElo "2373"]

1.e4 e5 2.Nf3 Nc6 3.Bb5 a6 4.Ba4 Nf6 5.O-O Be7 6.Re1 b5 7.Bb3 d6 8.c3 O-O
9.h3 Bb7 10.d4 Re8 11.Nbd2 Bf8 12.a3 g6 13.Ba2 Bg7 14.b4 a5 15.d5 Ne7 16.Bb2 Nh5
17.Nb3 axb4 18.axb4 Bc8 19.Na5 Nf4 20.c4 bxc4 21.Bxc4 f5 22.Qb3 Rb8 23.Nxe5 fxe4
24.Rxe4 dxe5 25.d6+ Kh8 26.dxe7 Qxe7 27.Nc6 Qg5 28.Rxf4 exf4 29.h4 Qxh4 30.Nxb8 Bb7
31.Nd7 Bxg2 32.Bxg7+ Kxg7 33.Qc3+ Kh6 34.Kxg2 Qg4+ 35.Kf1 Qxd7 36.Re1 Rxe1+
37.Kxe1 Qe7+ 38.Kf1 Kg5 39.Be2 Qd6 40.Qc5+ Qxc5 41.bxc5 Kh4 42.Kg2 g5 43.Kf3 Kh3
44.Bd3 h6 45.Be4 Kh2 46.Kg4 Kg1 47.f3 Kf2 48.Kh5 Ke3 49.Bb7  1-0

[Event "Capablanca Mem Premier 1"]
[Site "Havana CUB"]
[Date "2005.05.15"]
[Round "9"]
[White "Kallio,H"]
[Black "Gonzalez,Y"]
[Result "1/2-1/2"]
[WhiteElo "2469"]
[BlackElo "2482"]

1.e4 e5 2.Nf3 Nc6 3.Bb5 a6 4.Ba4 Nf6 5.O-O Be7 6.Re1 b5 7.Bb3 d6 8.c3 O-O
9.h3 Bb7 10.d4 Re8 11.Nbd2 Bf8 12.Bc2 h6 13.d5 Nb8 14.b3 c6 15.c4 Nbd7 16.Nf1 Qc7
17.Ng3 Rec8 18.Bd3  1/2-1/2

[Event "Zepter"]
[Site "Valjevo SCG"]
[Date "2005.06.17"]
[Round "5"]
[White "Brkljaca,A"]
[Black "Vojinovic,G"]
[Result "1/2-1/2"]
[WhiteElo "2392"]
[BlackElo "2475"]

1.e4 e5 2.Nf3 Nc6 3.Bb5 a6 4.Ba4 Nf6 5.O-O Be7 6.Re1 b5 7.Bb3 d6 8.c3 O-O
9.h3 Bb7 10.d4 Re8 11.Nbd2 h6 12.a4  1/2-1/2

[Event "Skanska"]
[Site "Brno CZE"]
[Date "2005.07.06"]
[Round "7"]
[White "Slaby,J"]
[Black "Garbisu de Goni,U"]
[Result "0-1"]
[WhiteElo "2403"]
[BlackElo "2455"]

1.e4 e5 2.Nf3 Nc6 3.Bb5 a6 4.Ba4 Nf6 5.O-O Be7 6.Re1 b5 7.Bb3 d6 8.c3 O-O
9.h3 Bb7 10.d4 Re8 11.Nbd2 Bf8 12.d5 Nb8 13.Nf1 Nbd7 14.N3h2 h6 15.Ng4 Nxg4
16.hxg4 Be7 17.g3 Nc5 18.Bc2 c6 19.b4 Nd7 20.dxc6 Bxc6 21.Ne3 Nb6 22.Qf3 Bg5
23.Bb3 Ra7 24.Nf5 Bxc1 25.Raxc1 d5 26.Rcd1 Rd7 27.Qe3 Nc4 28.Bxc4 bxc4 29.Qc5 dxe4
30.Rd6 Ba4 31.Rxd7 Qxd7 32.Qxc4 Qd2 33.Rxe4 g6 34.Qxa6 Qd1+ 35.Kh2 gxf5 36.gxf5 Kg7
37.Rh4 h5 38.b5 Bc2 39.Qc6 Rd8 40.b6 Qe2 41.f6+ Kg6 42.Qg2 e4 43.g4 hxg4
44.Rxg4+ Kf5 45.Qg3 Qxg4  0-1

[Event "ch-SWE"]
[Site "Goeteborg SWE"]
[Date "2005.07.06"]
[Round "5"]
[White "Berg,E"]
[Black "Ong,Kez"]
[Result "1-0"]
[WhiteElo "2539"]
[BlackElo "2371"]

1.e4 e5 2.Nf3 Nc6 3.Bb5 a6 4.Ba4 Nf6 5.O-O Be7 6.Re1 b5 7.Bb3 d6 8.c3 O-O
9.h3 Bb7 10.d4 Re8 11.Ng5 Rf8 12.Nf3 Re8 13.Nbd2 Bf8 14.Bc2 g6 15.a3 Nb8
16.b4 Nbd7 17.Bb3 h6 18.Qc2 Bg7 19.Bb2 Qe7 20.a4 c6 21.c4 bxa4 22.Bxa4 Nh5
23.d5 cxd5 24.exd5 Rec8 25.Qd3 Qd8 26.Qe3 f5 27.Bb3 Kh7 28.Ra5 e4 29.Bxg7 Nxg7
30.Nd4 Ne5 31.Rea1 Nd3 32.f3 Nxb4 33.fxe4 fxe4 34.Nxe4 Nf5 35.Nxf5 gxf5 36.Ng3 Qf6
37.Qb6 Rab8 38.Qxb4 f4 39.Bc2+ Kh8 40.Ne4 Qd4+ 41.Kh2  1-0

[Event "20th North Sea Cup"]
[Site "Esbjerg DEN"]
[Date "2005.07.07"]
[Round "7"]
[White "Poulsen,I"]
[Black "Colin,V"]
[Result "1/2-1/2"]
[WhiteElo "2187"]
[BlackElo "2368"]

1.e4 e5 2.Nf3 Nc6 3.Bb5 a6 4.Ba4 Nf6 5.O-O b5 6.Bb3 Be7 7.Re1 d6 8.c3 O-O
9.h3 Bb7 10.d4 Re8 11.Ng5 Rf8 12.Nf3 Qd7 13.Nbd2 Rad8 14.a4 b4 15.d5 Na5
16.Bc2 bxc3 17.bxc3 c6 18.c4 cxd5 19.cxd5 Rc8 20.Bd3 Qc7 21.Qe2 Nh5 22.g3 f5
23.exf5 Bxd5 24.Ba3 Qa7 25.Qe3 Qxe3 26.Rxe3 Nc6 27.Bxa6 Ra8 28.Bb5 Nf6 29.Rc1 Rfc8
30.Rec3 Na7 31.Bc4 Bxc4 32.Nxc4 e4 33.Nfd2 Nd5 34.R3c2 Bg5 35.Nxd6 e3 36.fxe3 Rxc2
37.Rxc2 Nxe3 38.Rc7 Nd5 39.Rc2 Ne3 40.Rc7 Nd5 41.Rc2  1/2-1/2

[Event "ch-SWE"]
[Site "Goeteborg SWE"]
[Date "2005.07.08"]
[Round "7"]
[White "Ernst,T"]
[Black "Ong,Kez"]
[Result "0-1"]
[WhiteElo "2459"]
[BlackElo "2371"]

1.e4 e5 2.Nf3 Nc6 3.Bb5 a6 4.Ba4 Nf6 5.O-O Be7 6.Re1 b5 7.Bb3 d6 8.c3 O-O
9.h3 Bb7 10.d4 Re8 11.Nbd2 Bf8 12.a4 h6 13.Bc2 exd4 14.cxd4 Nb4 15.Bb1 c5
16.d5 Nd7 17.Ra3 f5 18.Nh2 Nf6 19.Rg3 Qd7 20.Rg6 Qf7 21.exf5 Rxe1+ 22.Qxe1 Re8
23.Qd1 Qxd5 24.Nhf1 c4 25.Ne3 Qd4 26.Ng4 Nxg4 27.Rxg4 Qe5 28.Be4 d5 29.Nf3 Qe7
30.Bb1 d4 31.Bxh6 d3 32.Be3 Nd5 33.Bd4 Nf6 34.Bxf6 Qxf6 35.Bxd3 cxd3 36.Qxd3 Qxb2
37.Ng5 Re1+ 38.Kh2 Qe5+ 39.Rg3 Qd5 40.Qc3 Qd1 41.Rg4 Qxg4 42.Qb3+ Qc4  0-1

[Event "ACT Open"]
[Site "Amsterdam NED"]
[Date "2005.07.23"]
[Round "8"]
[White "Cheparinov,I"]
[Black "L'Ami,E"]
[Result "1/2-1/2"]
[WhiteElo "2634"]
[BlackElo "2519"]

1.e4 e5 2.Nf3 Nc6 3.Bb5 a6 4.Ba4 Nf6 5.O-O Be7 6.Re1 b5 7.Bb3 O-O 8.h3 d6
9.c3 Bb7 10.d4 Re8 11.Nbd2 Bf8 12.d5 Nb8 13.Nf1 Nbd7 14.N3h2 Nc5 15.Bc2 c6
16.b4 Ncd7 17.dxc6 Bxc6 18.Bg5 h6 19.Bxf6 Nxf6 20.Ng4 Nxg4 21.Qxg4 Bd7 22.Qf3 Rc8
23.Bb3 Be6 24.Qd3 Rc6 25.Ne3 Qc7 26.Rac1 Rc8 27.Nd5 Qb7 28.h4 Be7 29.g3 Bd8
30.a4 bxa4 31.Bxa4 Rc4 32.Bb3 R4c6 33.Ba4 Rc4 34.Bb3 R4c6 35.Rb1 a5 36.Rec1 axb4
37.Nxb4 Rb6 38.Bd5 Qd7 39.Ra1 Rbb8 40.Rd1 Rb6 41.Ra3 Kh7 42.Rda1 Bf6 43.Ra5 Rc7
44.R1a3 Bd8 45.Ra8 Rc8 46.R3a7 Rc7 47.Ra6 Rxa6 48.Rxa6 Be7 49.Bc6 Qd8 50.Nd5 Rc8
51.c4 Bf8 52.Kg2 Rb8 53.Bb5 Ra8 54.Nc7 Rxa6 55.Nxe6 fxe6 56.Bxa6 Be7 57.Qf3 Kg8
58.Qg4 Kf7 59.Bb5 Bf6 60.Qh5+ Kf8 61.Qd1 Ke7 62.Qa4 Kf8 63.Qa6 Kf7 64.Qb7+ Be7
65.Bd7 Bf6 66.Ba4+ Qe7 67.Qc6 h5 68.Bb3 g6 69.Kf1 Bg7 70.Qb6 Bf6 71.Ba4 Bg7
72.Qb8 Bf6 73.Ke2 Qd8 74.Qb7+ Qe7 75.Qc6 Qd8 76.Kf1 Qe7 77.Bb3 Bg7 78.Ke2 Bf6
79.Ba4 Qd8 80.Bb5 Qe7 81.Kf3 Qd8 82.Kg2 Qe7 83.Ba6 Qd8 84.Bc8 Qe7 85.Bd7 Bg7
86.Qc8 Bf6 87.Kf3 Bg7 88.Ke2 Bf6 89.Kd3 Bg7 90.Kc2 Bf6 91.Kb3 Bg7 92.Ka4 Bh6
93.Kb5 Bd2 94.Kc6 Be1 95.Qh8 Bxf2 96.Qh7+ Kf6 97.Qh8+ Kf7 98.Qh7+ Kf6 99.Qh8+  1/2-1/2